Ako vznikli prvé siete bankomatov

USA ako krajina v ktorej vznikla prvá sieť bankomatov tzv Exchange. Vznik prvej medzištátnej siete. Bankomat ako pridaná hodnota. Prevádzka prvých bankomatov.

Na minha lista:
Detalhes bibliográficos
Formato: Capítulo de Livro
Idioma:eslovaco
Assuntos:
Tags: Adicionar Tag
Sem tags, seja o primeiro a adicionar uma tag!

MARC

LEADER 00000naa$a2200000$$$4500
001 0049379
005 20231006121510.0
041 0 |a slo 
044 |a SK 
245 1 0 |a Ako vznikli prvé siete bankomatov 
520 |a USA ako krajina v ktorej vznikla prvá sieť bankomatov tzv Exchange. Vznik prvej medzištátnej siete. Bankomat ako pridaná hodnota. Prevádzka prvých bankomatov. 
610 2 0 |a bankomaty 
610 2 0 |a dejiny 
610 2 0 |a karty platobné 
610 2 0 |a USA 
610 2 0 |a banky 
610 2 0 |a telekomunikácie